|
|
|
|
| LEADER |
00000cam a2200000 i 4500 |
| 001 |
1/22749 |
| 008 |
970715m19911992fr | ||| |||| ||fre|| |
| 020 |
|
|
|a 2259023851
|q (τ. 1)
|
| 020 |
|
|
|a 225902386X
|q (τ. 5)
|
| 035 |
|
|
|a 1995
|b 3
|c Ζερβού
|l 10036651
|
| 040 |
|
|
|a GR-MyUa
|b gre
|e AACR2
|
| 041 |
0 |
|
|a fre
|
| 082 |
7 |
|
|a 305.40944
|2 (22)
|
| 245 |
1 |
0 |
|a Histoire des femmes en Occident /
|c sous la direction de Georges Duby, Michelle Perrot.
|
| 260 |
|
|
|a [Paris] :
|b Plon,
|c [1991-1992].
|
| 300 |
|
|
|a 5 τ. [τ. 4-5] :
|b εικ. ;
|c 21 εκ.
|
| 504 |
|
|
|a Περιλαμβάνει βιβλιογραφίες και ευρετήρια.
|
| 505 |
8 |
|
|a Τ. 4. Le XIXe Sieclev -- τ. 5. Le XXe Siecle.
|
| 650 |
|
0 |
|a Women
|x Social conditions
|z Europe.
|
| 650 |
|
0 |
|a Women
|z Europe
|x History.
|
| 650 |
|
0 |
|a Social history
|y 19th century.
|
| 650 |
|
0 |
|a Social history
|y 20th century.
|
| 650 |
|
0 |
|a Women
|z France
|x History
|y 19th century.
|
| 650 |
|
0 |
|a Women
|z France
|x History
|y 20th century.
|
| 650 |
|
0 |
|a Women and religion
|z France
|x History.
|
| 650 |
|
0 |
|a Women
|z France
|x Biography.
|
| 650 |
|
0 |
|a Women in literature.
|
| 650 |
|
0 |
|a Nobility
|x History.
|
| 700 |
1 |
|
|a Duby, Georges,
|e edt
|
| 700 |
1 |
|
|a Perrot, Michelle,
|e edt
|
| 852 |
|
|
|a INST
|b RHODES
|e 19970715
|h 305.40944 HIS
|p 005400011429
|q 005400011429
|t BK
|y 0
|z v.5
|
| 852 |
|
|
|a INST
|b RHODES
|e 19970715
|h 305.40944 HIS
|p 005400011430
|q 005400011430
|t BK
|y 0
|z v.4
|
| 852 |
|
|
|a INST
|b RHODES
|e 19970715
|h 305.40944 HIS
|p 005400011429
|q 005400011429
|t BK
|v τ.5:
|y 0
|z v.5
|
| 852 |
|
|
|a INST
|b RHODES
|e 19970715
|h 305.40944 HIS
|p 005400011430
|q 005400011430
|t BK
|v τ.4:
|y 0
|z v.4
|
| 853 |
|
|
|a INST
|b RHODES
|h 305.40944 HIS
|
| 970 |
|
|
|z 15/07/1997
|